00812cam a2200241 a 450000100100000000500170001000800410002702000150006804000250008308200190010810000330012724500360016026000600019630000210025649000170027765000260029465000400032065000270036065000280038783000240041595201160043999900150055500000982120200929161722.0840514s1983 mx 001 p spa  a9681613813 aDO-SdBNPbspacBNPHU aCu861.44bK88b1 aKozer, José,d1940-91462710aBajo este cien /cJosé Kozer. aMéxico, D. F. :bFondo de Cultura Económica,c1983. a140 p. ;c23 cm.1 aTierra firme 4aPoesía cubana95226 4aPoesía cubanaxColecciones924728 4aPoesía amorosa99227 4aLiteratura cubana91483 0aTierra firme.93671 001050718MOaGRbGRcHDd2009-10-01iLF1l0oCu861.44 K88bp9821-10r2020-06-25w2020-06-25y1ZNo se presta c9580d9580